Laporan tentang perguruan tinggi di Indonesia tahun 1967. (Record no. 88777)

MARC details
000 -LEADER
fixed length control field 00714cam a22002291 4500
001 - CONTROL NUMBER
control field sa 68019024
003 - CONTROL NUMBER IDENTIFIER
control field DLC
005 - DATE AND TIME OF LATEST TRANSACTION
control field 20260227112716.0
008 - FIXED-LENGTH DATA ELEMENTS--GENERAL INFORMATION
fixed length control field 931124s1967 io bs 000 0 ind
010 ## - LIBRARY OF CONGRESS CONTROL NUMBER
LC control number sa 68019024
025 ## - OVERSEAS ACQUISITION NUMBER
Overseas acquisition number PL480:Indo-7807
035 ## - SYSTEM CONTROL NUMBER
System control number (OCoLC)29385150
040 ## - CATALOGING SOURCE
Original cataloging agency DLC
Transcribing agency CU
Modifying agency DLC
042 ## - AUTHENTICATION CODE
Authentication code premarc
050 00 - LIBRARY OF CONGRESS CALL NUMBER
Classification number L597
Item number .C5 1967
110 1# - MAIN ENTRY--CORPORATE NAME
Corporate name or jurisdiction name as entry element Indonesia.
Subordinate unit Team Statistik Perguruan Tinggi.
245 10 - TITLE STATEMENT
Title Laporan tentang perguruan tinggi di Indonesia tahun 1967.
260 ## - PUBLICATION, DISTRIBUTION, ETC.
Place of publication, distribution, etc. [Djakarta]
Name of publisher, distributor, etc. Direktorat Djenderal Perguruan Tinggi,
Date of publication, distribution, etc. 1967.
300 ## - PHYSICAL DESCRIPTION
Extent vii, 63, 16 p.
Dimensions 34 cm.
504 ## - BIBLIOGRAPHY, ETC. NOTE
Bibliography, etc. note Includes bibliographical references.
650 #0 - SUBJECT ADDED ENTRY--TOPICAL TERM
Topical term or geographic name entry element Education, Higher
Geographic subdivision Indonesia
Form subdivision Statistics.

No items available.

Powered by Koha